000 01375nas a2200265 4500
999 _c40794
_d40794
005 20200515102251.0
007 cz aa aaaaaaaa
008 200426b q||poo|||| 00| 0 eng d
022 _a2395-2636(P)
022 _a2321 – 3108(E)
040 _coclc
082 _a420
_bJOU/E
210 _aRJELAL
245 _aResearch Journal Of English Language and Literature
_bA peer reviewed international research journal
_he-Journal (Open Access)
260 _a Guntur, India
_bKY Publications
300 _aPDF(online)
310 _aQuarterly
365 _eOpen Access
500 _aResearch Journal of English Language and Literature (RJELAL) an International Journal open access print and online, indexed, peer reviewed and refereed journal that provides rapid publication (quarterly) of articles in all areas Related to English Language and Literature, Linguistics of the subject. Philosophy of RJELAL guides it to map new frontiers in emerging and developing areas in research, Teaching, industry and governance as well as to link with centers of excellence worldwide to stimulate young minds for creating knowledge based community
650 0 _aLanguage
_vEnglish & Old English
_xEnglish
_92316
651 0 _92254
_aIndia
655 0 _92257
_ae-Journal
856 _uhttp://www.rjelal.com/index.html
942 _2ddc
_cEJ
_h400
_k400
_mJOU/E
_s1